Diagnostika vybraného regiónu pre účely stanovenia hodnoty podniku diplomová práca

Saved in:
Bibliographic Details
Main Author: Švejdová, Nikola
Corporate Author: Fakulta podnikového manažmentu EU. Katedra podnikovohospodárska
Other Authors: Neumannová, Anna
Format: Book
Language:Slovak
Published: Bratislava 2014
Tags: Add Tag
No Tags, Be the first to tag this record!

MARC

LEADER 00000nbm a2200000 4500
001 0188109
005 20170201093225.6
041 0 |a slo 
044 |a SK 
245 1 0 |a Diagnostika vybraného regiónu pre účely stanovenia hodnoty podniku  |b diplomová práca  |c Nikola Švejdová ; školiteľ: Anna Neumannová 
264 1 |a Bratislava  |c 2014 
300 |a 84 s. 
100 1 |a Švejdová, Nikola 
700 1 |a Neumannová, Anna 
710 2 |a Fakulta podnikového manažmentu EU. Katedra podnikovohospodárska